|
|
|
|
| LEADER |
00000nab a2200000 a 4500 |
| 001 |
vtls000061124 |
| 003 |
SK-MaSNL |
| 005 |
20260303222707.0 |
| 008 |
240424c1980 xo 0 slo |
| 015 |
|
|
|a SNBRB19rr/mm-uuuuu
|
| 035 |
|
|
|a CL0071224
|
| 040 |
|
|
|a SNKBUCL
|b slo
|c SNKBUCL
|e AACR2
|
| 041 |
1 |
|
|a slo
|h cze
|
| 044 |
|
|
|a xo
|c SK
|
| 080 |
|
|
|a 885.0-1
|2 1981
|
| 100 |
1 |
|
|a Žáček, Jiří,
|d 1945-
|4 aut
|9 222229
|
| 245 |
1 |
0 |
|a Idyla
|c Jiří Žáček ; Ľubomír Feldek
|
| 655 |
|
7 |
|9 česká poézia
|2 snkbucl
|
| 655 |
|
7 |
|l yrická poézia
|2 snkbucl
|
| 655 |
|
7 |
|a články z novín a časopisov
|2 snkbucl
|9 267496
|
| 655 |
|
7 |
|a články z odboru literárna veda a krásna literatúra
|2 snkbucl
|9 770045
|
| 773 |
0 |
|
|t Romboid
|g Roč. 15, č. 5 (1980), s. 46
|
| 850 |
|
|
|a Slovenská národná knižnica
|
| 852 |
|
|
|a Slovenská národná knižnica
|
| 958 |
|
|
|a RK
|
| 958 |
|
|
|a CZ
|
| 958 |
|
|
|a LX
|
| 958 |
|
|
|a SK
|
| 992 |
|
|
|a RBX
|
| 999 |
|
|
|c 2242849
|d 2244779
|